[Event "June TNT"]
[Site "Winnipeg CAN"]
[Date "2010.06.15"]
[Round "3"]
[White "Swift, Ryne"]
[Black "Schulz, Waldemar"]
[Result "0-1"]
[WhiteElo "1791"]
[BlackElo "2017"]
[PlyCount "92"]
[EventDate "2010.06.01"]
[EventType "swiss"]
[EventRounds "5"]
[EventCountry "CAN"]

1. e4 c5 2. Nf3 e6 3. d4 cxd4 4. Nxd4 Nf6 5. Nc3 d6 6. f3 a6 7. Be3 Be7 8. Qd2
Qc7 9. O-O-O Nc6 10. g4 Nd7 11. h4 Nde5 12. Be2 O-O 13. f4 Nxd4 14. Bxd4 Nc4
15. Bxc4 Qxc4 16. h5 b5 17. Kb1 Bb7 18. Rhe1 Rfd8 19. g5 e5 20. Be3 Rac8 21.
Qd3 b4 22. Bb6 Re8 23. Qxc4 Rxc4 24. Nd5 Bxd5 25. Rxd5 exf4 26. Bd4 Rec8 27. c3
bxc3 28. Bxc3 R8c5 29. Bd2 f3 30. b3 Rc2 31. Rxc5 Rxc5 32. Be3 Re5 33. Bf4 Rxe4
34. Bd2 Rxe1+ 35. Bxe1 Bxg5 36. Bf2 Bd8 37. Kc2 g5 38. Kd3 f5 39. Ke3 Bb6+ 40.
Kxf3 Bxf2 41. Kxf2 f4 42. b4 Kf8 43. a4 Ke8 44. a5 Kd7 45. b5 axb5 46. a6 Kc7
0-1

[Event "June TNT"]
[Site "Winnipeg CAN"]
[Date "2010.06.15"]
[Round "3"]
[White "Wasserman, Leor"]
[Black "Reimer, Bruce"]
[Result "0-1"]
[WhiteElo "1738"]
[BlackElo "1512"]
[PlyCount "100"]
[EventDate "2010.06.01"]
[EventType "swiss"]
[EventRounds "5"]
[EventCountry "CAN"]

1. e4 Nf6 2. e5 Nd5 3. c4 Nb6 4. d4 d6 5. exd6 exd6 6. Bf4 Be7 7. Nf3 Bg4 8.
Be2 O-O 9. O-O Bxf3 10. Bxf3 Nc6 11. Qd3 Bf6 12. Nd2 Rb8 13. Nb3 Na4 14. Qc2
Nb6 15. Rfd1 Qd7 16. Be4 g6 17. c5 Nc8 18. d5 Ne5 19. Bh6 Re8 20. Bd2 Qa4 21.
Bc3 Ng4 22. Bxf6 Nxf6 23. Rd4 Qb5 24. Bd3 Qd7 25. Rc1 Ne7 26. c6 bxc6 27. dxc6
Qe6 28. Bc4 Ned5 29. Rcd1 Rb4 30. R4d2 Rxc4 31. Qxc4 Ng4 32. Rf1 Ngf6 33. Nd4
Qg4 34. Qc1 Nf4 35. f3 Qh5 36. Re1 Rxe1+ 37. Qxe1 Qg5 38. Qg3 Nh3+ 39. Qxh3
Qxd2 40. Qh4 Qd1+ 41. Kf2 Qd2+ 42. Ne2 Nd5 43. Qe4 Nb4 44. Kg3 Qg5+ 45. Qg4
Qe5+ 46. Nf4 Nd3 47. Qc8+ Kg7 48. Qg4 h5 49. Qxh5 Qxf4+ 50. Kh3 Nf2# 0-1

[Event "June TNT"]
[Site "Winnipeg CAN"]
[Date "2010.06.22"]
[Round "4"]
[White "Boron, Anthony"]
[Black "Bince, Rolando"]
[Result "0-1"]
[WhiteElo "1996"]
[BlackElo "2117"]
[PlyCount "104"]
[EventDate "2010.06.01"]
[EventType "swiss"]
[EventRounds "5"]
[EventCountry "CAN"]

1. d4 Nf6 2. Nf3 d6 3. Nc3 g6 4. e4 Bg7 5. Be3 O-O 6. Qd2 Ng4 7. Bg5 f6 8. Bc4+
Kh8 9. Bh4 c6 10. h3 Nh6 11. O-O b5 12. Bd3 Qc7 13. a3 Bb7 14. Bg3 Nd7 15. Rfe1
e5 16. d5 a6 17. dxc6 Bxc6 18. Rad1 Nb6 19. Nh2 Nf7 20. f3 Rad8 21. Qe2 g5 22.
Nf1 f5 23. exf5 d5 24. Bf2 Bf6 25. Ng3 Nd7 26. Nh5 Be7 27. Bg3 Nf6 28. Nxf6
Bxf6 29. Kh1 Rfe8 30. Qf1 Qd7 31. Bf2 Nd6 32. Bb6 Rb8 33. Bf2 Qf7 34. Bc5 Nb7
35. Bf2 Rbd8 36. Bb6 Rc8 37. Bf2 Kg7 38. Be2 Nd6 39. g4 h5 40. Bc5 Nb7 41. Bg1
hxg4 42. hxg4 Rh8+ 43. Kg2 Rh4 44. Bf2 Rch8 45. Bxh4 Rxh4 46. Nxb5 axb5 47.
Bxb5 Qc7 48. Bxc6 e4 49. Qg1 exf3+ 50. Kf2 Rh2+ 51. Kf1 f2 52. Re7+ Bxe7 0-1

[Event "June TNT"]
[Site "Winnipeg CAN"]
[Date "2010.06.22"]
[Round "4"]
[White "Dawa, Arvin"]
[Black "De Groot, Steven"]
[Result "1-0"]
[WhiteElo "2176"]
[BlackElo "1818"]
[PlyCount "33"]
[EventDate "2010.06.01"]
[EventType "swiss"]
[EventRounds "5"]
[EventCountry "CAN"]

1. d4 d5 2. c4 e6 3. Nc3 Nf6 4. Nf3 Be7 5. Bf4 O-O 6. e3 b6 7. cxd5 Nxd5 8.
Nxd5 exd5 9. Be2 Ba6 10. O-O Bxe2 11. Qxe2 Nd7 12. Rfd1 Nf6 13. Qb5 a6 14. Qc6
Ra7 15. Rac1 Ne8 16. Ne5 f6 17. Qe6+ 1-0

[Event "June TNT"]
[Site "Winnipeg CAN"]
[Date "2010.06.22"]
[Round "4"]
[White "Evans, Brian"]
[Black "Wasserman, Leor"]
[Result "0-1"]
[WhiteElo "1588"]
[BlackElo "1738"]
[PlyCount "63"]
[EventDate "2010.06.01"]
[EventType "swiss"]
[EventRounds "5"]
[EventCountry "CAN"]

1. e4 c5 2. Nf3 d6 3. d4 cxd4 4. Nxd4 Nf6 5. Nc3 a6 6. Be2 b5 7. a3 Bb7 8. f3
e6 9. Be3 Be7 10. O-O O-O 11. Qd2 Qc7 12. Rad1 Nc6 13. Nxc6 Qxc6 14. Bg5 Rac8
15. Bxf6 Bxf6 16. Qxd6 Qxd6 17. Rxd6 Bxc3 18. bxc3 Rxc3 19. a4 Rxc2 20. Bd3 Rd2
21. axb5 axb5 22. e5 g6 23. Bxb5 Rb2 24. Bd3 Bd5 25. Rd1 Ra8 26. Ra6 Rc8 27. h3
Rc3 28. Raa1 Bb3 29. Rdb1 Rxb1+ 30. Bxb1 Kg7 31. Kh2 Rc1 32. Kg3 0-1

[Event "June TNT"]
[Site "Winnipeg CAN"]
[Date "2010.06.22"]
[Round "4"]
[White "Milord, Frank"]
[Black "Greenberg, Harley"]
[Result "1-0"]
[WhiteElo "1638"]
[BlackElo "1766"]
[PlyCount "57"]
[EventDate "2010.06.01"]
[EventType "swiss"]
[EventRounds "5"]
[EventCountry "CAN"]

1. d4 Nf6 2. c4 e6 3. Nc3 b6 4. Nf3 Bb7 5. Bg5 Bb4 6. e3 O-O 7. Bd3 d5 8. O-O
Bxc3 9. bxc3 Nbd7 10. cxd5 exd5 11. a4 Qe8 12. Bf4 Rc8 13. a5 h6 14. h3 Qe6 15.
axb6 axb6 16. Ra7 Ba8 17. Ba6 Ne4 18. Qc2 c5 19. Bxc8 Rxc8 20. Rfa1 Qc6 21.
R1a3 Bb7 22. Nd2 cxd4 23. Nxe4 dxe4 24. exd4 b5 25. Be3 g5 26. Qb3 Nb6 27. R3a6
Ra8 28. Rxa8+ Bxa8 29. d5 1-0

[Event "June TNT"]
[Site "Winnipeg CAN"]
[Date "2010.06.22"]
[Round "4"]
[White "Milward, David"]
[Black "Swift, Ryne"]
[Result "1/2-1/2"]
[WhiteElo "1662"]
[BlackElo "1791"]
[PlyCount "110"]
[EventDate "2010.06.01"]
[EventType "swiss"]
[EventRounds "5"]
[EventCountry "CAN"]

1. e4 e5 2. Nf3 Nc6 3. Bb5 a6 4. Ba4 Nf6 5. O-O b5 6. Bb3 Be7 7. Re1 O-O 8. c3
d6 9. h3 Be6 10. Bxe6 fxe6 11. Qb3 Qd7 12. d3 h6 13. Be3 Kh8 14. Nbd2 Rab8 15.
Rad1 a5 16. Nf1 a4 17. Qc2 Nd8 18. Ng3 Nf7 19. d4 exd4 20. cxd4 Nh7 21. e5 d5
22. Qg6 Nd8 23. Nh2 Qe8 24. Qc2 c6 25. Ne2 Qf7 26. Nf4 Kg8 27. Ng6 Re8 28.
Nxe7+ Rxe7 29. Nf3 Nf8 30. Bd2 Qg6 31. Rc1 Ra7 32. Qc5 Qf7 33. Bb4 Ng6 34. Re3
Qe7 35. Qc3 Qd7 36. Ne1 Nf4 37. Nd3 Nxd3 38. Rxd3 Ra6 39. Rf3 Nf7 40. Qc5 Ng5
41. Rf8+ Rxf8 42. Qxf8+ Kh7 43. Bc5 Ne4 44. f3 Nxc5 45. Rxc5 Kg6 46. f4 Qf7 47.
Qxf7+ Kxf7 48. Kf2 Ke7 49. Kf3 Kd7 50. Kg4 g6 51. Kh4 Ra8 52. g4 Rf8 53. Kg3
Rf7 54. h4 Rg7 55. Kf3 Rf7 1/2-1/2

[Event "June TNT"]
[Site "Winnipeg CAN"]
[Date "2010.06.22"]
[Round "4"]
[White "Mousseau, Charles"]
[Black "Czarny, Keith"]
[Result "0-1"]
[WhiteElo "1791"]
[BlackElo "1590"]
[PlyCount "90"]
[EventDate "2010.06.01"]
[EventType "swiss"]
[EventRounds "5"]
[EventCountry "CAN"]

1. e4 b6 2. d4 Bb7 3. Bd3 Nf6 4. Qe2 g6 5. Bg5 Bg7 6. c3 O-O 7. Nd2 d6 8. f4 h6
9. Bh4 Nh5 10. Nh3 Bc8 11. g4 Nf6 12. Nf2 c5 13. dxc5 dxc5 14. O-O-O Nc6 15.
Nf3 Nxg4 16. Rhg1 Nxf2 17. Qxf2 Qc7 18. Bg3 Nb4 19. cxb4 cxb4+ 20. Kb1 b5 21.
f5 Qa5 22. fxg6 fxg6 23. Qe2 Bg4 24. Rgf1 Rf6 25. Bxb5 Raf8 26. Bc4+ e6 27. Rd3
Qh5 28. Qe3 Bxf3 29. Bd6 R8f7 30. e5 Qh3 31. exf6 Qxf1+ 32. Kc2 Bd1+ 33. Rxd1
Qxc4+ 34. Kb1 Bxf6 35. Qxh6 Qe4+ 36. Ka1 Bxb2+ 37. Kxb2 Rf2+ 38. Kb3 Qc2+ 39.
Kxb4 Qb2+ 40. Ka4 Qxa2+ 41. Kb5 Rf5+ 42. Kc6 Qa6+ 43. Kd7 Qb7+ 44. Bc7 Rf7+ 45.
Ke8 Qc6+ 0-1

[Event "June TNT"]
[Site "Winnipeg CAN"]
[Date "2010.06.22"]
[Round "4"]
[White "Reimer, Bruce"]
[Black "Kernetsky, Myron"]
[Result "0-1"]
[WhiteElo "1512"]
[BlackElo "2021"]
[PlyCount "72"]
[EventDate "2010.06.01"]
[EventType "swiss"]
[EventRounds "5"]
[EventCountry "CAN"]

1. c4 e5 2. g3 Nc6 3. Bg2 g6 4. Nc3 Bg7 5. e4 d6 6. Nge2 f5 7. d3 Nf6 8. O-O
O-O 9. Bg5 h6 10. Bxf6 Rxf6 11. Nd5 Rf8 12. Rb1 g5 13. f4 exf4 14. gxf4 fxe4
15. dxe4 Bg4 16. Qd3 Bxe2 17. Qxe2 Nd4 18. Qg4 c6 19. Ne3 gxf4 20. Nf5 Qg5 21.
Qd1 f3 22. Rxf3 Nxf3+ 23. Qxf3 Be5 24. Kh1 Kh7 25. Qh3 Rg8 26. Rf1 Raf8 27. Rd1
Rf6 28. Ne7 Rg7 29. Nf5 Rgf7 30. Bf1 Qf4 31. Bd3 Rg6 32. c5 dxc5 33. Re1 Qd2
34. Rf1 b5 35. a3 c4 36. Bb1 Qe2 0-1

[Event "June TNT"]
[Site "Winnipeg CAN"]
[Date "2010.06.22"]
[Round "4"]
[White "Schulz, Waldemar"]
[Black "Joven, Perfecto"]
[Result "1/2-1/2"]
[WhiteElo "2017"]
[BlackElo "1932"]
[PlyCount "78"]
[EventDate "2010.06.01"]
[EventType "swiss"]
[EventRounds "5"]
[EventCountry "CAN"]

1. Nf3 Nf6 2. g3 g6 3. Bg2 Bg7 4. O-O O-O 5. c4 d6 6. d4 Nbd7 7. Nc3 c5 8. b3
a6 9. Bb2 Rb8 10. dxc5 Nxc5 11. Nd4 Ng4 12. h3 Nf6 13. Kh2 Nh5 14. Qd2 Nf6 15.
Rad1 Qd7 16. Qc2 Nh5 17. Nd5 Qd8 18. b4 Nd7 19. Nb3 Nhf6 20. c5 Nxd5 21. Rxd5
Nf6 22. Rdd1 Qc7 23. Rc1 Bf5 24. e4 Bd7 25. cxd6 Qxc2 26. Rxc2 exd6 27. Rd1 Ne8
28. Bxg7 Kxg7 29. e5 Bf5 30. Re2 dxe5 31. g4 Be6 32. Nc5 Nc7 33. Rxe5 b6 34.
Nxe6+ Nxe6 35. Rd7 Kf6 36. Re3 Rfd8 37. Ra7 Rd2 38. Rxa6 Rxf2 39. Kg3 Rb2
1/2-1/2

[Event "June TNT"]
[Site "Winnipeg CAN"]
[Date "2010.06.29"]
[Round "5.5"]
[White "Joven, Perfecto"]
[Black "Milord, Frank"]
[Result "1-0"]
[WhiteElo "1932"]
[BlackElo "1638"]
[PlyCount "47"]
[EventDate "2010.06.01"]
[EventType "swiss"]
[EventRounds "5"]
[EventCountry "CAN"]

1. e4 d6 2. d4 Nf6 3. Nc3 g6 4. Be3 Bg7 5. Bd3 O-O 6. Qd2 c6 7. O-O-O b5 8. Bh6
Qa5 9. Kb1 Be6 10. Nd5 Qd8 11. Nxf6+ exf6 12. Bxg7 Kxg7 13. h4 h5 14. f3 Rh8
15. Ne2 Qb6 16. Qe3 c5 17. e5 f5 18. c3 c4 19. Bc2 dxe5 20. Qxe5+ f6 21. Qg3
Kh7 22. Nf4 Bf7 23. Rhe1 Nd7 24. Re7 1-0

[Event "June TNT"]
[Site "Winnipeg CAN"]
[Date "2010.06.29"]
[Round "5.5"]
[White "Kernetsky, Myron"]
[Black "De Groot, Steven"]
[Result "1-0"]
[WhiteElo "2021"]
[BlackElo "1818"]
[PlyCount "105"]
[EventDate "2010.06.01"]
[EventType "swiss"]
[EventRounds "5"]
[EventCountry "CAN"]

1. d4 Nf6 2. Nf3 e6 3. c4 b6 4. a3 Bb7 5. Bf4 d5 6. e3 Be7 7. Nc3 a6 8. h3 Nbd7
9. Be2 O-O 10. O-O Ne4 11. Rc1 Ndf6 12. cxd5 Nxc3 13. Rxc3 Nxd5 14. Rc2 Nxf4
15. exf4 Qd6 16. Qc1 Rac8 17. Rd1 c6 18. Ne5 Bf6 19. Bf3 Bxe5 20. fxe5 Qd7 21.
Rc3 Rc7 22. Qf4 Qc8 23. Rdc1 Rd8 24. Be4 g6 25. Bf3 Qd7 26. Rd1 Qe7 27. Qc1
Rdc8 28. Qd2 Kg7 29. Rdc1 Ba8 30. Qf4 Bb7 31. R1c2 Kg8 32. h4 Kg7 33. h5 h6 34.
hxg6 fxg6 35. Rb3 Qd8 36. Qe3 Rd7 37. Rd3 Rcc7 38. Rcd2 c5 39. dxc5 Bxf3 40.
Qxf3 Rxd3 41. Rxd3 Qh4 42. c6 Qe7 43. Rd6 Kg8 44. Qd3 Kf7 45. g3 b5 46. Qf3+
Ke8 47. Qe3 g5 48. Qb6 Ra7 49. Qb8+ Kf7 50. Qh8 Kg6 51. g4 Qf7 52. Rd8 Qf3 53.
Rg8+ 1-0

[Event "June TNT"]
[Site "Winnipeg CAN"]
[Date "2010.06.29"]
[Round "5.5"]
[White "Ott, Richard"]
[Black "Evan, Brian"]
[Result "0-1"]
[WhiteElo "1700"]
[BlackElo "1588"]
[PlyCount "63"]
[EventDate "2010.06.01"]
[EventType "swiss"]
[EventRounds "5"]
[EventCountry "CAN"]

1. d4 d5 2. c4 e6 3. Nc3 Nf6 4. cxd5 exd5 5. Bg5 Be7 6. e3 c6 7. Bd3 h6 8. Bxf6
Bxf6 9. Nge2 Bg4 10. f3 Bh5 11. Ng3 Bh4 12. Qe2 Qg5 13. O-O-O Bxg3 14. hxg3 Bg6
15. f4 Bxd3 16. Rxd3 Qg6 17. e4 dxe4 18. Nxe4 O-O 19. Nc5 b6 20. Nb3 Nd7 21. g4
Rfe8 22. Qf3 Qe4 23. Qg3 Rac8 24. Nd2 Qg6 25. f5 Qf6 26. Nf3 c5 27. g5 hxg5 28.
Nxg5 cxd4+ 29. Kb1 Qxf5 30. Rh8+ Kxh8 31. Qh4+ Kg8 32. Qh7+ 0-1

[Event "June TNT"]
[Site "Winnipeg CAN"]
[Date "2010.06.29"]
[Round "5.5"]
[White "Wasserman, Leor"]
[Black "Milward, David"]
[Result "1-0"]
[WhiteElo "1738"]
[BlackElo "1662"]
[PlyCount "75"]
[EventDate "2010.06.01"]
[EventType "swiss"]
[EventRounds "5"]
[EventCountry "CAN"]

1. e4 e6 2. d4 d5 3. exd5 exd5 4. c4 Nf6 5. Nc3 Be6 6. cxd5 Nxd5 7. Nxd5 Qxd5
8. Nf3 Bb4+ 9. Bd2 Bxd2+ 10. Qxd2 O-O 11. Be2 Nd7 12. O-O Nf6 13. b3 Rad8 14.
Bc4 Qd6 15. Bxe6 Qxe6 16. Rfe1 Qd7 17. Qb4 c6 18. Re7 Nd5 19. Rxd7 Nxb4 20.
Rxb7 Nc2 21. Rd1 Rfe8 22. h3 a5 23. Rd2 Nb4 24. a3 Nd5 25. Ne5 Re7 26. Rxe7
Nxe7 27. Re2 Kf8 28. Nc4 a4 29. bxa4 Rxd4 30. Nb6 Rd1+ 31. Kh2 Ra1 32. Nd7+ Ke8
33. Ne5 Kf8 34. Rd2 Ke8 35. Re2 Kf8 36. Re3 Ra2 37. a5 f6 38. a6 1-0

[Event "Juste Pour Jouer"]
[Site "Montreal CAN"]
[Date "2010.10.08"]
[Round "1"]
[White "Morin, Louis"]
[Black "Chartrand, Yves"]
[Result "1-0"]
[WhiteElo "1917"]
[BlackElo "738"]
[PlyCount "61"]
[EventDate "2010.10.08"]
[EventType "swiss"]
[EventRounds "7"]
[EventCountry "CAN"]

1. e4 c6 2. d4 d5 3. Nc3 dxe4 4. Nxe4 Bf5 5. Ng3 Bg6 6. h4 h6 7. Nf3 Nd7 8. h5
Bh7 9. Bf4 e6 10. Bd3 Bxd3 11. Qxd3 Bb4+ 12. Ke2 Ngf6 13. c4 Qa5 14. a3 Be7 15.
b4 Qc7 16. Bxc7 O-O 17. Rhe1 Rac8 18. Bf4 b5 19. cxb5 cxb5 20. Qxb5 Nd5 21. Bd2
Rfd8 22. Rac1 N7b6 23. Ne4 Nf6 24. Nxf6+ Bxf6 25. Rxc8 Nxc8 26. Ne5 Bxe5 27.
dxe5 Nb6 28. Qd3 Nd7 29. Rc1 Kf8 30. Qd6+ Ke8 31. Rc7 1-0

[Event "Juste Pour Jouer"]
[Site "Montreal CAN"]
[Date "2010.10.09"]
[Round "2"]
[White "Lemieux, Serge"]
[Black "Morin, Louis"]
[Result "0-1"]
[WhiteElo "1515"]
[BlackElo "1917"]
[PlyCount "94"]
[EventDate "2010.10.08"]
[EventType "swiss"]
[EventRounds "7"]
[EventCountry "CAN"]

1. d4 e5 2. dxe5 Nc6 3. Nf3 Qe7 4. Nc3 Nxe5 5. Nxe5 Qxe5 6. Qd5 Bd6 7. f4 Qxd5
8. Nxd5 c6 9. Nc3 Nf6 10. e4 Bb4 11. Bd3 d5 12. Bd2 Bxc3 13. Bxc3 dxe4 14. Bc4
O-O 15. O-O Bf5 16. Rae1 Rfe8 17. Bd4 b5 18. Be2 Rad8 19. c3 Rxd4 20. cxd4 Rd8
21. Rd1 Nd5 22. g4 Bd7 23. h3 Ne3 24. Kf2 Nxf1 25. Bxf1 f5 26. d5 c5 27. g5 Kf7
28. Be2 Ke7 29. a3 Kd6 30. Ke3 a5 31. Rd2 Rb8 32. Bd1 c4 33. Kd4 Rc8 34. h4 Rc5
35. Kc3 Rxd5 36. Rd4 Kc5 37. b4+ cxb3 38. Rxd5+ Kxd5 39. Bxb3+ Kc5 40. h5 h6
41. Bc2 Be6 42. Bd1 Bc4 43. Kd2 Kd4 44. Ke1 Ke3 45. gxh6 gxh6 46. a4 b4 47. Be2
Bd3 0-1

[Event "Juste Pour Jouer"]
[Site "Montreal CAN"]
[Date "2010.10.09"]
[Round "3"]
[White "Morin, Louis"]
[Black "Dubuc, Gabriel"]
[Result "1/2-1/2"]
[WhiteElo "1917"]
[BlackElo "1745"]
[PlyCount "64"]
[EventDate "2010.10.08"]
[EventType "swiss"]
[EventRounds "7"]
[EventCountry "CAN"]

1. e4 e5 2. Nf3 Nf6 3. Nxe5 d6 4. Nxf7 Kxf7 5. Bc4+ Be6 6. Bxe6+ Kxe6 7. d4 c5
8. O-O cxd4 9. Qxd4 Nc6 10. Qc4+ Kd7 11. Nc3 Qe8 12. Bf4 Rd8 13. Rad1 Qe6 14.
Nd5 Nh5 15. Qb3 Rb8 16. Bc1 Be7 17. f4 Rhf8 18. e5 Qg4 19. g3 g5 20. Nxe7 Kxe7
21. exd6+ Kd7 22. Qd3 Rf7 23. fxg5 Rbf8 24. c3 a6 25. Rxf7+ Rxf7 26. Rf1 Rxf1+
27. Kxf1 Ne5 28. Qxh7+ Kxd6 29. Qc2 Qf3+ 30. Kg1 Nxg3 31. hxg3 Qxg3+ 32. Kf1
Qf3+ 1/2-1/2

[Event "Juste Pour Jouer"]
[Site "Montreal CAN"]
[Date "2010.10.10"]
[Round "4"]
[White "Turcotte, Jonathan"]
[Black "Morin, Louis"]
[Result "1-0"]
[WhiteElo "1912"]
[BlackElo "1917"]
[PlyCount "45"]
[EventDate "2010.10.08"]
[EventType "swiss"]
[EventRounds "7"]
[EventCountry "CAN"]

1. d4 d5 2. c4 e6 3. Nc3 c5 4. Nf3 Nc6 5. cxd5 exd5 6. g3 Nf6 7. Bg2 Be7 8. O-O
O-O 9. Bg5 Be6 10. Rc1 Ne4 11. Bxe7 Qxe7 12. dxc5 Rfd8 13. Na4 Rac8 14. Nd4 Ne5
15. b4 Nc4 16. Qd3 Bd7 17. Nc3 Nxc3 18. Qxc3 Be6 19. e4 Nb6 20. Qb3 Nd7 21.
exd5 Nf6 22. Nxe6 fxe6 23. Rfe1 1-0

[Event "Juste Pour Jouer"]
[Site "Montreal CAN"]
[Date "2010.10.10"]
[Round "5"]
[White "Morin, Louis"]
[Black "Neron, Raynald"]
[Result "1-0"]
[WhiteElo "1917"]
[BlackElo "1426"]
[PlyCount "65"]
[EventDate "2010.10.08"]
[EventType "swiss"]
[EventRounds "7"]
[EventCountry "CAN"]

1. e4 c6 2. d4 d5 3. Nc3 dxe4 4. Nxe4 Bf5 5. Ng3 Bg6 6. h4 h6 7. Nf3 e6 8. h5
Bh7 9. Bf4 Nf6 10. Bd3 Bxd3 11. Qxd3 Be7 12. O-O-O Na6 13. Ne5 Nb4 14. Qb3 Qb6
15. c4 c5 16. a3 Nc6 17. Qxb6 axb6 18. Nxc6 bxc6 19. dxc5 Bxc5 20. Rhf1 Ke7 21.
b4 Bxf2 22. Bd6+ Ke8 23. Rxf2 Rxa3 24. Kb2 Ra7 25. Nf5 exf5 26. Rxf5 Rd7 27. c5
b5 28. Re5+ Kd8 29. Ra1 Rxd6 30. Ra8+ Kd7 31. Ra7+ Kc8 32. cxd6 Rd8 33. Rc7+
1-0

[Event "Juste Pour Jouer"]
[Site "Montreal CAN"]
[Date "2010.10.11"]
[Round "6"]
[White "Dydak, Mateusz"]
[Black "Morin, Louis"]
[Result "0-1"]
[WhiteElo "1949"]
[BlackElo "1917"]
[PlyCount "128"]
[EventDate "2010.10.08"]
[EventType "swiss"]
[EventRounds "7"]
[EventCountry "CAN"]

1. e4 e5 2. Nc3 Nf6 3. f4 d5 4. fxe5 Nxe4 5. d3 Nxc3 6. bxc3 d4 7. Nf3 Nc6 8.
Be2 Bc5 9. Bg5 Qd5 10. c4 Qe6 11. O-O O-O 12. Bf4 Bd7 13. Kh1 Rae8 14. Rb1 b6
15. Qe1 f6 16. Qh4 Nxe5 17. Bxe5 fxe5 18. Ng5 Qg6 19. Ne4 Be7 20. Rxf8+ Kxf8
21. Rf1+ Kg8 22. Qe1 Rf8 23. Bf3 Bg4 24. Qe2 Bxf3 25. Rxf3 Rxf3 26. Qxf3 Qh6
27. Qd1 Bg5 28. Qg4 Be7 29. h3 Qc1+ 30. Kh2 Qf4+ 31. Qg3 Bh4 32. Qxf4 exf4 33.
Kg1 Kf7 34. Kf1 Ke6 35. Ke2 Kf5 36. Nd2 Bf6 37. Ne4 Be7 38. Kf3 h5 39. Nf2 g5
40. Ke2 g4 41. hxg4+ hxg4 42. Ne4 Bb4 43. Kf2 Ba3 44. Ke2 Bc1 45. Nf2 Be3 46.
Nd1 c6 47. Nb2 Ke5 48. a4 Kd6 49. Nd1 Kc5 50. c3 dxc3 51. Nxc3 Kb4 52. Ne4 Bd4
53. Nd6 Kxa4 54. Nc8 b5 55. Ne7 c5 56. Nd5 Be5 57. d4 cxd4 58. Kd3 b4 59. c5 b3
60. c6 b2 61. Kc2 f3 62. gxf3 gxf3 63. c7 Bxc7 64. Nxc7 f2 0-1

[Event "Juste Pour Jouer"]
[Site "Montreal CAN"]
[Date "2010.10.11"]
[Round "7"]
[White "Morin, Louis"]
[Black "Lalumiere, Claude"]
[Result "0-1"]
[WhiteElo "1917"]
[BlackElo "1820"]
[PlyCount "60"]
[EventDate "2010.10.08"]
[EventType "swiss"]
[EventRounds "7"]
[EventCountry "CAN"]

1. e4 c5 2. d4 cxd4 3. c3 d3 4. Bxd3 Nc6 5. Nf3 d6 6. O-O Nf6 7. h3 e6 8. Qe2
Qc7 9. Bf4 e5 10. Bh2 Be7 11. Nbd2 g5 12. Nxg5 Rg8 13. h4 h6 14. Ngf3 Bg4 15.
Nc4 O-O-O 16. Ne3 Bh5 17. Nf5 Rg6 18. Kh1 Rdg8 19. Rg1 Qd7 20. Rae1 Bd8 21. Bb5
Bb6 22. Bg3 Bg4 23. Bxc6 bxc6 24. Qa6+ Kb8 25. Nxd6 Bxf3 26. Nf5 Rxg3 27. fxg3
Bxe4 28. Rgf1 Bxf5 29. Rxe5 Be4 30. Rxf6 Qh3# 0-1

[Event "Keres"]
[Site "Charlesbourg CAN"]
[Date "2010.03.22"]
[Round "1"]
[White "Gaudreault, Stephane"]
[Black "Fortier, Bertrand"]
[Result "1-0"]
[WhiteElo "1585"]
[BlackElo "1831"]
[PlyCount "79"]
[EventDate "2010.03.22"]
[EventType "swiss"]
[EventRounds "5"]
[EventCountry "CAN"]

1. d4 Nf6 2. c4 g6 3. Nc3 Bg7 4. Nf3 d6 5. g3 O-O 6. Bg2 Nbd7 7. O-O e5 8. dxe5
dxe5 9. Qc2 c6 10. b3 Re8 11. e4 Qc7 12. Bb2 Nc5 13. Rad1 Bg4 14. h3 Bxf3 15.
Bxf3 Ne6 16. Ne2 Rad8 17. Bg2 c5 18. Qc1 Nd4 19. Rfe1 Rd7 20. Nc3 Qa5 21. Qb1
Red8 22. Nd5 b5 23. Bc3 b4 24. Bd2 Nxd5 25. exd5 Rd6 26. f4 exf4 27. Bxf4 R6d7
28. Re4 f5 29. Re3 Nc6 30. Kh2 Nd4 31. Rde1 h6 32. h4 Qb6 33. Qc1 a5 34. Re8+
Kh7 35. R8e7 Qa7 36. d6 a4 37. Bxh6 Rg8 38. Bd5 Rf8 39. Bxg7 f4 40. Bxf8+ 1-0

[Event "Keres"]
[Site "Charlesbourg CAN"]
[Date "2010.03.29"]
[Round "2"]
[White "Lessard, Claude"]
[Black "Tremblay, Rejean"]
[Result "0-1"]
[WhiteElo "2119"]
[BlackElo "2241"]
[PlyCount "76"]
[EventDate "2010.03.22"]
[EventType "swiss"]
[EventRounds "5"]
[EventCountry "CAN"]

1. e4 c5 2. Nf3 d6 3. d4 cxd4 4. Nxd4 Nf6 5. Nc3 a6 6. Bc4 e6 7. O-O Be7 8. Be3
O-O 9. f3 Qc7 10. Bb3 Nc6 11. Qe1 Na5 12. Qf2 Nc4 13. Bxc4 Qxc4 14. Rad1 b5 15.
Rd2 Bd7 16. Rfd1 b4 17. Nce2 e5 18. Nf5 Bxf5 19. exf5 Qxa2 20. b3 Qa5 21. g4 h6
22. h4 Nh7 23. Bb6 Qb5 24. Rd5 Qc6 25. R1d2 Nf6 26. Ra5 d5 27. g5 Nd7 28. f6
gxf6 29. gxf6 Bxf6 30. Be3 Kh7 31. Raxd5 Qe6 32. Qh2 Rad8 33. Rd6 Qf5 34. R6d5
Qxf3 35. Bf2 Rg8+ 36. Kf1 Nc5 37. Rxd8 Bxd8 38. Qxe5 Ne4 0-1

[Event "Keres"]
[Site "Charlesbourg CAN"]
[Date "2010.03.29"]
[Round "2"]
[White "Toscani, Marco"]
[Black "Gaudreault, Stephane"]
[Result "0-1"]
[WhiteElo "1644"]
[BlackElo "1585"]
[PlyCount "89"]
[EventDate "2010.03.22"]
[EventType "swiss"]
[EventRounds "5"]
[EventCountry "CAN"]

1. e4 e5 2. Nf3 Nc6 3. Nc3 d6 4. Nd5 Nf6 5. d3 Nxd5 6. exd5 Ne7 7. Bg5 f6 8.
Bh4 Nxd5 9. g3 g5 10. Nxg5 fxg5 11. Qh5+ Kd7 12. Bxg5 Be7 13. Bh3+ Kc6 14. Bxe7
Qxe7 15. Bg2 Kc5 16. c4 Nb4 17. Qe2 Nc6 18. b4+ Kb6 19. c5+ dxc5 20. bxc5+ Qxc5
21. Rb1+ Nb4 22. O-O a5 23. a3 Qd4 24. axb4 axb4 25. Qd2 c5 26. Qh6+ Kc7 27.
Qg7+ Bd7 28. Rfe1 Rae8 29. Ra1 Rhf8 30. Rf1 Rxf2 31. Rxf2 Qxa1+ 32. Bf1 Qd4 33.
Qf7 Ra8 34. Qc4 Ra6 35. Qxd4 exd4 36. Rf7 b3 37. Bh3 b2 38. Bxd7 b1=Q+ 39. Kg2
Qa2+ 40. Rf2 Qd5+ 41. Kh3 Rh6+ 42. Kg4 Qxd7+ 43. Kf3 Qd5+ 44. Ke2 Re6+ 45. Kd2
0-1

[Event "Keres"]
[Site "Charlesbourg CAN"]
[Date "2010.04.05"]
[Round "3"]
[White "Tremblay, Rejean"]
[Black "Fecteau, Martin"]
[Result "1-0"]
[WhiteElo "2241"]
[BlackElo "1980"]
[PlyCount "59"]
[EventDate "2010.03.22"]
[EventType "swiss"]
[EventRounds "5"]
[EventCountry "CAN"]

1. e4 e6 2. d4 d5 3. Nd2 Nf6 4. e5 Nfd7 5. f4 c5 6. c3 Nc6 7. Ndf3 Be7 8. g3
O-O 9. Kf2 f6 10. Kg2 fxe5 11. fxe5 c4 12. Nh3 Rf5 13. Nf4 Nf8 14. h4 h6 15.
Kg1 Qb6 16. Bh3 Rxe5 17. Nxe5 Nxe5 18. Kg2 Neg6 19. Nxg6 Nxg6 20. h5 Nf8 21.
Rf1 Nh7 22. Qc2 Bd7 23. Bxh6 Be8 24. Rae1 gxh6 25. Rxe6 Qd8 26. Rxh6 Nf6 27.
Be6+ Kg7 28. Rg6+ Bxg6 29. Qxg6+ Kh8 30. Rxf6 1-0

[Event "Keres"]
[Site "Charlesbourg CAN"]
[Date "2010.04.12"]
[Round "4"]
[White "Tremblay, Rejean"]
[Black "Poliquin, Yvon"]
[Result "1-0"]
[WhiteElo "2241"]
[BlackElo "1989"]
[PlyCount "132"]
[EventDate "2010.03.22"]
[EventType "swiss"]
[EventRounds "5"]
[EventCountry "CAN"]

1. c4 Nf6 2. Nc3 e5 3. Nf3 Nc6 4. Qc2 d5 5. cxd5 Nxd5 6. g3 Be6 7. Bg2 Be7 8.
a3 O-O 9. O-O Qd7 10. d3 h6 11. Bd2 Nxc3 12. bxc3 Bh3 13. Rfb1 Bxg2 14. Kxg2
Rab8 15. Rb2 Qe6 16. Rab1 b6 17. a4 a5 18. Rb5 Rbd8 19. Be3 Kh8 20. Qb3 Qxb3
21. R1xb3 Bf6 22. Ra3 Rfe8 23. Nd2 Be7 24. Ra1 Kg8 25. g4 Rd6 26. Kh1 Rg6 27.
Rg1 Re6 28. Ne4 f6 29. f3 Kh7 30. d4 exd4 31. cxd4 Nb4 32. d5 Rxe4 33. fxe4 Bd6
34. Bd2 Rxe4 35. Bxb4 Bxb4 36. h3 Rxe2 37. Rg2 Re1+ 38. Rg1 Re3 39. Kg2 Ra3 40.
Rc1 Bd6 41. Rc6 Be5 42. Rc4 Rg3+ 43. Kf2 Rxh3 44. Ke2 Kg6 45. Rb1 Kf7 46. Rbc1
Ke7 47. Rxc7+ Bxc7 48. Rxc7+ Kd6 49. Rxg7 Kxd5 50. Rf7 Ke5 51. Rh7 Rb3 52. Rb7
Kf4 53. Rg7 Rg3 54. Rg6 Ke5 55. Rg8 Ra3 56. Rb8 Rxa4 57. Rxb6 Rb4 58. Ra6 a4
59. Ra5+ Ke6 60. Kf3 Kf7 61. Ra7+ Kg6 62. Ra5 Rb3+ 63. Kf4 a3 64. Ra4 Rc3 65.
Ra7 h5 66. gxh5+ Kxh5 1-0